[Event "4th Lanzarote it"]
[Site "Lanzarote ESP"]
[Date "1976.04.??"]
[Round "8"]
[White "Rodriguez Vargas, Orestes"]
[Black "Betancort Curbelo, Juan Rafael"]
[Result "1-0"]
[WhiteElo "2435"]
[BlackElo "2360"]
[EventDate "1976.04.26"]
[PlyCount "87"]

1.e4 d6 2.d4 Nf6 3.Nc3 g6 4.f4 Bg7 5.Nf3 O-O 6.Bd3 c5 7.dxc5 dxc5 8.O-O 
Nc6 9.e5 Nd5 10.Ne4 Bf5 11.c3 c4 12.Bc2 Qb6+ 13.Kh1 Ne3 14.Bxe3 Qxe3 15.
Nfd2 b5 16.Rf3 Qb6 17.Qe1 Rfd8 18.Nf1 f6 19.Ne3 fxe5 20.Nxf5 gxf5 21.Ng5 
e4 22.Bxe4 fxe4 23.Qxe4 Rd6 24.Qxh7+ Kf8 25.f5 Ne5 26.Rg3 Nd3 27.Ne4 Ke8 
28.Rxg7 Kd7 29.Rf1 Nf2+ 30.Nxf2 Qxf2 31.Rxe7+ Kc6 32.Ree1 Re8 33.Rb1 Qc2 
34.Qh5 Re2 35.Qf3+ Kb6 36.f6 Rdd2 37.Rfc1 Qg6 38.Rg1 Qf7 39.b3 cxb3 40.
Rxb3 Rxa2 41.c4 a6 42.cxb5 axb5 43.Qd3 Qh5 44.f7 {[Fuente: Zaiko, Oscar 
Alfredo. Base de partidas del "04.Arrecife de Lanzarote" 1976. Sitio web 
OLD IN CHESS. (Marzo 2002). Alfredo Zaiko (Director-Webmaster). Sitio web 
oriundo de Argentina. Estuvo disponible hasta el ao 2010 en la direccin: 
http://www. geocities.org/oldinchess/descarga/cbv/1976_ESP03.zip ]} 1-0

[Event "4th Lanzarote it"]
[Site "Lanzarote ESP"]
[Date "1976.04.??"]
[Round "8"]
[White "Sanz Alonso, Francisco Javier"]
[Black "Fraguela Gil, Jose Miguel"]
[Result "1-0"]
[WhiteElo "2345"]
[BlackElo "2380"]
[EventDate "1976.04.26"]
[PlyCount "39"]

1.g3 g6 2.Bg2 Bg7 3.c4 c5 4.Nc3 Nc6 5.a3 e6 6.d3 Nge7 7.Nf3 O-O 8.O-O d5 
9.cxd5 Nxd5 $2 ( {Natural y bueno} 9...exd5 {.} ) 10.Bg5 $1 Nxc3 11.bxc3 
Qa5 12.c4 $1 {[Naturalmente . Despus de ganar la calidad las negras, con 
problemas en las casillas negras alrededor del rey y tambin del desarrollo
del alfil, tendrn una posicin demasiado difcil. Sin embargo, no ganar la 
calidad significara admitir el error en la jugada 9 y aceptar una posicin 
algo inferior. ]} 12...Bxa1 13.Qxa1 Nd4 14.Nxd4 cxd4 15.Bf6 $1 Qc3 {
[Parece la mejor defensa, defendiendo el pen "d" y al mismo tiempo 
quitando a la dama blanca las posibilidades de un rpido viaje a 6TR. ]} 
16.Qb1 Qxa3 ( {Algo ms de resistencia ofreca} 16...a5 {, con la idea de 
...Ta6.} ) 17.Qb5 Qd6 18.c5 a6 $2 {[Pierde enseguida. ]} 19.Qa5 $1 Qb8 20.
Qd2 $1 {[Comentarios: GM Bent Larsen. (Revista Ajedrez 6000). || Fuentes: 
1. Larsen, Bent. Seleccin de partidas comentadas del IV Torneo 
Internacional de Lanzarote. Revista AJEDREZ 6000. (01-07-1976, nmero 60, 
pginas 86-95). Publicacin editada por Caja Insular de Ahorros de Gran 
Canaria. Las Palmas de Gran Canaria, Espaa. /\ 2. Zaiko, Oscar Alfredo. 
Base de partidas del "04.Arrecife de Lanzarote" 1976. Sitio web OLD IN 
CHESS. (Marzo 2002). Alfredo Zaiko (Director-Webmaster). Sitio web oriundo
de Argentina. Estuvo disponible hasta el ao 2010 en la direccin: 
http://www.geocities.org/oldinchess/descarga/cbv/1976_ESP03.zip ]} 1-0

[Event "4th Lanzarote it"]
[Site "Lanzarote ESP"]
[Date "1976.04.??"]
[Round "8"]
[White "Weinstein, Norman Stephen"]
[Black "Darga, Klaus"]
[Result "1/2-1/2"]
[WhiteElo "2430"]
[BlackElo "2500"]
[EventDate "1976.04.26"]
[PlyCount "77"]

1.e4 e5 2.Nf3 Nc6 3.Bb5 g6 4.c3 d6 5.d4 Bd7 6.Bg5 Be7 7.Bxe7 Qxe7 8.O-O 
Nf6 9.Re1 O-O 10.Nbd2 Nxd4 11.Nxd4 exd4 12.Bxd7 dxc3 13.Ba4 cxd2 14.Qxd2 
c6 15.Bb3 Rfe8 16.f3 a5 17.Rad1 d5 18.exd5 Qc5+ 19.Qf2 Rxe1+ 20.Rxe1 Qxf2+
21.Kxf2 a4 22.Bc4 b5 23.Bd3 Nxd5 24.Be4 a3 25.Bxd5 cxd5 26.b3 Rc8 27.Rd1 
Rc2+ 28.Kg3 Rxa2 29.Rxd5 b4 30.Rd4 Rb2 31.Rxb4 Kg7 32.Rb6 g5 33.b4 h5 34.
Ra6 a2 35.b5 h4+ 36.Kh3 f5 37.g3 hxg3 38.Kxg3 Kf7 39.b6 {[Fuente: Zaiko, 
Oscar Alfredo. Base de partidas del "04.Arrecife de Lanzarote" 1976. Sitio
web OLD IN CHESS. (Marzo 2002). Alfredo Zaiko (Director-Webmaster). Sitio 
web oriundo de Argentina. Estuvo disponible hasta el ao 2010 en la 
direccin: http://www.geocities.org/oldinchess/descarga/cbv/1976_ESP03.zip 
]} 1/2-1/2

[Event "4th Lanzarote it"]
[Site "Lanzarote ESP"]
[Date "1976.04.??"]
[Round "9"]
[White "Betancort Curbelo, Juan Rafael"]
[Black "Bellon Lopez, Juan Manuel"]
[Result "1-0"]
[WhiteElo "2360"]
[BlackElo "2475"]
[EventDate "1976.04.26"]
[PlyCount "89"]

1.d4 Nf6 2.c4 c5 3.Nf3 cxd4 4.Nxd4 e5 5.Nb5 d5 6.cxd5 Qa5+ 7.N5c3 b5 8.Nd2
b4 9.Nb3 Qd8 10.Na4 Qxd5 11.Qxd5 Nxd5 12.e4 Nf6 13.f3 Bd7 14.Nac5 a5 15.
Be3 Be7 16.Rc1 O-O 17.Nxd7 Nfxd7 18.Bb5 a4 19.Nd2 Ra5 20.Bxd7 Nxd7 21.Rc7 
Rd8 22.Ke2 Bd6 23.Rc6 Nb8 24.Rxd6 Rxd6 25.Nc4 Raa6 26.Nxd6 Rxd6 27.Rd1 
Rxd1 28.Kxd1 Nc6 29.Kd2 Na5 30.Kd3 a3 31.bxa3 bxa3 32.Bc1 Kf8 33.Bxa3+ Ke8
34.Bb4 Nc6 35.Kc4 Kd7 36.Bc5 g6 37.Kd5 h5 38.a4 f6 39.Bb6 Nb4+ 40.Kc4 Nc6 
41.a5 g5 42.Kb5 Ne7 43.a6 Kc8 44.Bc5 Ng6 45.Bd6 {[Fuente: Zaiko, Oscar 
Alfredo. Base de partidas del "04.Arrecife de Lanzarote" 1976. Sitio web 
OLD IN CHESS. (Marzo 2002). Alfredo Zaiko (Director-Webmaster). Sitio web 
oriundo de Argentina. Estuvo disponible hasta el ao 2010 en la direccin: 
http://www.geocities.org/oldinchess/descarga/cbv/1976_ESP03.zip ]} 1-0

[Event "4th Lanzarote it"]
[Site "Lanzarote ESP"]
[Date "1976.04.??"]
[Round "9"]
[White "Darga, Klaus"]
[Black "Rodriguez Vargas, Orestes"]
[Result "1/2-1/2"]
[WhiteElo "2500"]
[BlackElo "2435"]
[EventDate "1976.04.26"]
[PlyCount "69"]

1.c4 Nf6 2.Nc3 e5 3.Nf3 Nc6 4.e3 Bb4 5.Qc2 O-O 6.Nd5 Bc5 7.a3 a5 8.Bd3 h6 
9.b3 d6 10.Nxf6+ Qxf6 11.Bb2 Qe7 12.Bh7+ Kh8 13.Bf5 Bxf5 14.Qxf5 e4 15.Ng1
Ra6 16.Ne2 Rb6 17.Nc1 Qe6 18.Qh5 Ne5 19.Bc3 f5 20.f4 Nc6 21.Rg1 Kh7 22.Qd1
d5 23.cxd5 Qxd5 24.g4 g6 25.gxf5 Rxf5 26.Qg4 Ne7 27.Rg2 g5 28.h4 Rg6 29.
hxg5 hxg5 30.Rh2+ Kg8 31.Ne2 gxf4 32.Rh8+ Kf7 33.Rh7+ Kf8 34.Rh8+ Kf7 35.
Rh7+ {[Fuente: Zaiko, Oscar Alfredo. Base de partidas del "04. Arrecife de
Lanzarote" 1976. Sitio web OLD IN CHESS. (Marzo 2002). Alfredo Zaiko 
(Director-Webmaster). Sitio web oriundo de Argentina. Estuvo disponible 
hasta el ao 2010 en la direccin: http://www.geocities.org/oldinchess/ 
descarga/cbv/1976_ESP03.zip ]} 1/2-1/2

[Event "4th Lanzarote it"]
[Site "Lanzarote ESP"]
[Date "1976.04.??"]
[Round "9"]
[White "Fraguela Gil, Jose Miguel"]
[Black "Hernandez Onna, Roman"]
[Result "1/2-1/2"]
[WhiteElo "2380"]
[BlackElo "2460"]
[EventDate "1976.04.26"]
[PlyCount "43"]

1.d4 d5 2.c4 c6 3.Nf3 Nf6 4.cxd5 cxd5 5.Nc3 Nc6 6.Bf4 e6 7.e3 Bd6 8.Bxd6 
Qxd6 9.Bd3 O-O 10.O-O Bd7 11.Qd2 Rac8 12.Rac1 a6 13.Rfd1 Rfd8 14.Bb1 Ne7 
15.Ne5 Be8 16.Bd3 Rc7 17.Ne2 Rdc8 18.Rxc7 Rxc7 19.Rc1 Nd7 20.Rxc7 Qxc7 21.
Nxd7 Bxd7 22.Qc2 {[Fuente: Zaiko, Oscar Alfredo. Base de partidas del 
"04.Arrecife de Lanzarote" 1976. Sitio web OLD IN CHESS. (Marzo 2002). 
Alfredo Zaiko (Director-Webmaster). Sitio web oriundo de Argentina. Estuvo
disponible hasta el ao 2010 en la direccin: http://www.geocities.org/ 
oldinchess/descarga/cbv/1976_ESP03.zip ]} 1/2-1/2

[Event "4th Lanzarote it"]
[Site "Lanzarote ESP"]
[Date "1976.04.??"]
[Round "9"]
[White "Haik, Aldo"]
[Black "Garcia Padron, Jose"]
[Result "0-1"]
[WhiteElo "2325"]
[BlackElo "2280"]
[EventDate "1976.04.26"]
[PlyCount "90"]

1.Nf3 Nf6 2.g3 g6 3.Bg2 Bg7 4.O-O O-O 5.c4 d6 6.d4 Nc6 7.Nc3 a6 8.d5 Na5 
9.Nd2 c5 10.Qc2 Rb8 11.b3 b5 12.Bb2 e5 13.cxb5 axb5 14.a4 b4 15.Nd1 Ba6 
16.Re1 Bh6 17.Bc1 Kg7 18.Nb2 Bxd2 19.Bxd2 Qd7 20.e4 h5 21.f4 h4 22.fxe5 
dxe5 23.gxh4 Rh8 24.Nd3 Bxd3 25.Qxd3 Rxh4 26.Bg5 Rh5 27.Bxf6+ Kxf6 28.Qa6+
Kg7 29.Qxa5 Rbh8 30.Qxc5 Rxh2 31.Qe3 Qg4 32.Qf3 Qg5 33.Rf1 f5 34.Rad1 R8h3
35.Qxh3 Rxh3 36.exf5 gxf5 37.Rf2 Qg4 38.Re1 e4 39.Kf1 Rxb3 40.d6 Rd3 41.d7
Qh5 42.Kg1 Rxd7 43.Ref1 Rd5 44.Bh1 Rd1 45.Rxf5 Qxf5 {[Fuente: Zaiko, Oscar
Alfredo. Base de partidas del "04.Arrecife de Lanzarote" 1976. Sitio web 
OLD IN CHESS. (Marzo 2002). Alfredo Zaiko (Director-Webmaster). Sitio web 
oriundo de Argentina. Estuvo disponible hasta el ao 2010 en la direccin: 
http://www.geocities.org/oldinchess/descarga/cbv/1976_ESP03.zip ]} 0-1

[Event "4th Lanzarote it"]
[Site "Lanzarote ESP"]
[Date "1976.04.??"]
[Round "9"]
[White "Pomar Salamanca, Arturo"]
[Black "Weinstein, Norman Stephen"]
[Result "1-0"]
[WhiteElo "2435"]
[BlackElo "2430"]
[EventDate "1976.04.26"]
[PlyCount "75"]

1.Nf3 Nf6 2.d4 g6 3.g3 Bg7 4.Bg2 O-O 5.O-O d5 6.c4 dxc4 7.Na3 c3 ( {
Perfectamente jugable. En los ltimos aos la lnea ms popular ha sido} 7...
Nc6 8.Nxc4 Be6 ) 8.bxc3 c5 9.Ne5 Nd5 10.Bb2 Nc6 {[Probablemente correcto. 
Despus de 11.Cxc6 sera muy difcil para las blancas explotar la debilidad 
en la estructura negra. ]} 11.Nac4 Be6 12.e3 Qc7 13.Nxc6 {[Tratando de 
mostrar que la dama negra est mal en la columna "c". ]} 13...bxc6 14.Qd3 
Rfd8 15.Rfc1 Nb6 16.Nd2 Bd5 17.Ba3 Bxg2 18.Kxg2 cxd4 19.cxd4 e5 20.Nf3 
exd4 21.Nxd4 Bxd4 22.exd4 Nd5 23.Rc4 Re8 24.Rac1 Rac8 $4 {[Error 
inexplicable. La jugada anterior preparaba ...Te6, con posicin casi igual.
]} 25.Rxc6 $1 Qb7 ( 25...Qxc6 $2 26.Rxc6 Rxc6 27.Qb5 $1 ) 26.Qb3 ( {Quizs 
ms fuerte} 26.Qa6 {. Si} 26...Qa8 $2 27.Qxc8 ) 26...Qxb3 27.axb3 Rb8 28.
Bc5 Rxb3 29.Bxa7 Re2 30.R6c5 Rbb2 $6 {[Como siempre apurado de tiempo, 
Weinstein toma el chance ofrecido. Sin embargo, esta vez con menos suerte 
que contra Sanz. ]} ( {Despus de} 30...Ne7 {sera todava muy difcil para 
Pomar ganar.} ) 31.Rxd5 Rxf2+ 32.Kh3 Rxh2+ 33.Kg4 Rbf2 {[Ya decan: !Pomar 
pierde! ]} 34.Bb8 $1 {[Una jugada de belleza clsica, tranquilamente 
movilizando la nica pieza inactiva. ]} 34...f6 ( {O} 34...Kg7 35.Be5+ f6 
36.Rc7+ Kh6 37.Bf4+ g5 38.Rdd7 ) 35.Rd8+ $1 Kf7 ( {O} 35...Kg7 36.Rd7+ {, 
etc.} ) 36.Rc7+ Ke6 37.d5+ Ke5 38.Rc4# {[Comentarios: GM Bent Larsen. 
(Revista Ajedrez 6000). || Fuentes: 1. Larsen, Bent. Seleccin de partidas 
comentadas del IV Torneo Internacional de Lanzarote. Revista AJEDREZ 6000.
(01-07-1976, nmero 60, pginas 86-95). Publicacin editada por Caja Insular 
de Ahorros de Gran Canaria. Las Palmas de Gran Canaria, Espaa. /\ 2. 
Zaiko, Oscar Alfredo. Base de partidas del "04.Arrecife de Lanzarote" 
1976. Sitio web OLD IN CHESS. (Marzo 2002). Alfredo Zaiko 
(Director-Webmaster). Sitio web oriundo de Argentina. Estuvo disponible 
hasta el ao 2010 en la direccin: 
http://www.geocities.org/oldinchess/descarga/cbv/1976_ESP03.zip ]} 1-0

[Event "4th Lanzarote it"]
[Site "Lanzarote ESP"]
[Date "1976.04.??"]
[Round "10"]
[White "Garcia Padron, Jose"]
[Black "Fraguela Gil, Jose Miguel"]
[Result "1/2-1/2"]
[WhiteElo "2280"]
[BlackElo "2380"]
[EventDate "1976.04.26"]
[PlyCount "95"]

1.Nf3 g6 2.g3 Bg7 3.Bg2 c5 4.O-O Nc6 5.Nc3 d5 6.d3 Nf6 7.a3 O-O 8.Rb1 Bf5 
9.Bg5 h6 10.Bd2 Qc8 11.Na4 b6 12.b4 cxb4 13.axb4 Bh3 14.Qc1 Bxg2 15.Kxg2 
Kh7 16.b5 Nd8 17.Bb4 Re8 18.c4 dxc4 19.Qxc4 Qxc4 20.dxc4 Rc8 21.Rbc1 Ne4 
22.Rfd1 Rc7 23.Nd4 Be5 24.f3 Nd6 25.Bxd6 Bxd6 26.e4 Ba3 27.Rc2 e5 28.Rd3 
Bb4 29.Rb3 Ba5 30.Ne2 Ne6 31.Rd3 Rec8 32.Nb2 Bb4 33.f4 Nc5 34.Re3 Rd7 35.
fxe5 Re8 36.Nf4 Rd2+ 37.Rxd2 Bxd2 38.Re2 Bc3 39.Nbd3 Nxd3 40.Nxd3 Rd8 41.
Nf4 Bxe5 42.Nd5 Rc8 43.Rc2 Kg7 44.Ne7 Rc5 45.Kf3 Kf6 46.Nd5+ Ke6 47.Ke3 h5
48.Kd3 {[Fuente: Zaiko, Oscar Alfredo. Base de partidas del "04. Arrecife 
de Lanzarote" 1976. Sitio web OLD IN CHESS. (Marzo 2002). Alfredo Zaiko 
(Director-Webmaster). Sitio web oriundo de Argentina. Estuvo disponible 
hasta el ao 2010 en la direccin: http://www.geocities.org/oldinchess/ 
descarga/cbv/1976_ESP03.zip ]} 1/2-1/2

[Event "4th Lanzarote it"]
[Site "Lanzarote ESP"]
[Date "1976.04.??"]
[Round "10"]
[White "Pomar Salamanca, Arturo"]
[Black "Haik, Aldo"]
[Result "1-0"]
[WhiteElo "2435"]
[BlackElo "2325"]
[EventDate "1976.04.26"]
[PlyCount "123"]

1.d4 c5 2.e3 cxd4 3.exd4 d5 4.Bd3 Nc6 5.c3 Qc7 6.Ne2 e6 7.Bf4 Bd6 8.Bxd6 
Qxd6 9.O-O Nf6 10.Nd2 Rb8 11.Qc2 Ng4 12.Ng3 h5 13.h3 h4 14.hxg4 hxg3 15.
Nf3 Qf4 16.g5 Bd7 17.Rae1 Kf8 18.fxg3 Qxg3 19.Qf2 Qxf2+ 20.Kxf2 Ke7 21.Kg3
Rh5 22.Rh1 Rbh8 23.Rh3 Rxh3+ 24.gxh3 f6 25.h4 Kd6 26.Bb5 Be8 27.c4 Bg6 28.
cxd5 exd5 29.Bxc6 bxc6 30.Re3 Rb8 31.gxf6 gxf6 32.Rb3 Rg8 33.Kf4 Rg7 34.
Rb8 Re7 35.Rf8 Re4+ 36.Kg3 Ke7 37.Ra8 Bh5 38.Rxa7+ Ke6 39.Ra6 Re3 40.Rxc6+
Kf5 41.Rc3 Re2 42.Rb3 Ke4 43.a4 f5 44.Ng5+ Kxd4 45.a5 Ke5 46.Nf3+ Ke4 47.
Ng5+ Ke5 48.Nh3 Re4 49.a6 Ra4 50.Ra3 Rg4+ 51.Kf2 Rg8 52.Re3+ Kd6 53.Nf4 
Bf7 54.a7 Ra8 55.Ra3 Ke5 56.Kf3 d4 57.Ra5+ Kd6 58.h5 Be8 59.Ke2 Kc6 60.Kd3
Kb6 61.b4 Bc6 62.Kxd4 {[Fuente: Zaiko, Oscar Alfredo. Base de partidas del
"04.Arrecife de Lanzarote" 1976. Sitio web OLD IN CHESS. (Marzo 2002). 
Alfredo Zaiko (Director-Webmaster). Sitio web oriundo de Argentina. Estuvo
disponible hasta el ao 2010 en la direccin: http://www. 
geocities.org/oldinchess/descarga/cbv/1976_ESP03.zip ]} 1-0

[Event "4th Lanzarote it"]
[Site "Lanzarote ESP"]
[Date "1976.04.??"]
[Round "10"]
[White "Sanz Alonso, Francisco Javier"]
[Black "Betancort Curbelo, Juan Rafael"]
[Result "0-1"]
[WhiteElo "2345"]
[BlackElo "2360"]
[EventDate "1976.04.26"]
[PlyCount "56"]

1.g3 g6 2.Bg2 Bg7 3.f4 d5 4.Nf3 c5 5.O-O Nf6 6.d3 O-O 7.Nc3 d4 8.Na4 Nbd7 
9.c4 Qc7 10.Rb1 a5 11.a3 Ra6 12.b4 axb4 13.axb4 b6 14.Bd2 Ng4 15.h3 Nh6 
16.Ng5 e5 17.Ne4 Nf5 18.Kh2 Nd6 19.Nxd6 Qxd6 20.bxc5 bxc5 21.Rb5 h5 22.e3 
h4 23.exd4 hxg3+ 24.Kh1 exd4 25.Kg1 Re8 26.Be4 Rxe4 27.dxe4 Qe6 28.Nb2 
Qxh3 {[Fuente: Zaiko, Oscar Alfredo. Base de partidas del "04.Arrecife de 
Lanzarote" 1976. Sitio web OLD IN CHESS. (Marzo 2002). Alfredo Zaiko 
(Director-Webmaster). Sitio web oriundo de Argentina. Estuvo disponible 
hasta el ao 2010 en la direccin: 
http://www.geocities.org/oldinchess/descarga/cbv/ 1976_ESP03.zip ]} 0-1

[Event "4th Lanzarote it"]
[Site "Lanzarote ESP"]
[Date "1976.04.??"]
[Round "10"]
[White "Weinstein, Norman Stephen"]
[Black "Rodriguez Vargas, Orestes"]
[Result "1/2-1/2"]
[WhiteElo "2430"]
[BlackElo "2435"]
[EventDate "1976.04.26"]
[PlyCount "23"]

1.e4 e5 2.Bc4 Nf6 3.d3 Bc5 4.Nf3 d6 5.O-O O-O 6.c3 Bg4 7.h3 Bh5 8.Nbd2 c6 
9.Qe2 Nbd7 10.Re1 b5 11.Bb3 a5 12.a4 {[Fuente: Zaiko, Oscar Alfredo. Base 
de partidas del "04.Arrecife de Lanzarote" 1976. Sitio web OLD IN CHESS. 
(Marzo 2002). Alfredo Zaiko (Director-Webmaster). Sitio web oriundo de 
Argentina. Estuvo disponible hasta el ao 2010 en la direccin: http://www. 
geocities.org/oldinchess/descarga/cbv/1976_ESP03.zip ]} 1/2-1/2

[Event "4th Lanzarote it"]
[Site "Lanzarote ESP"]
[Date "1976.04.??"]
[Round "11"]
[White "Betancort Curbelo, Juan Rafael"]
[Black "Hernandez Onna, Roman"]
[Result "0-1"]
[WhiteElo "2360"]
[BlackElo "2460"]
[EventDate "1976.04.26"]
[PlyCount "88"]

1.d4 Nf6 2.c4 g6 3.Nc3 Bg7 4.e4 d6 5.Nf3 O-O 6.Be2 e5 7.d5 Nbd7 8.O-O Nc5 
9.Qc2 a5 10.Be3 Ng4 11.Bxc5 dxc5 12.h3 Nh6 13.Qd2 f6 14.Rad1 Nf7 15.Nb5 
Bh6 16.Qc3 Nd6 17.Nxd6 cxd6 18.a3 a4 19.b4 axb3 20.Qxb3 f5 21.Bd3 Rf7 22.
Ra1 Bf8 23.Rfb1 f4 24.Be2 h5 25.Nd2 Rh7 26.Qd1 Qe8 27.a4 g5 28.a5 Qg6 29.
f3 Rg7 30.Rb3 Be7 31.Qb1 Bd8 32.a6 bxa6 33.Rb8 Rga7 34.Bd1 Qf7 35.Rxa8 
Rxa8 36.Ba4 Qc7 37.Be8 Rb8 38.Qa2 h4 39.Nb3 Rb4 40.Na5 Qxa5 41.Qxa5 Bxa5 
42.Rxa5 Rxc4 43.Bd7 Rc1+ 44.Kh2 Bxd7 {[Fuente: Zaiko, Oscar Alfredo. Base 
de partidas del "04.Arrecife de Lanzarote" 1976. Sitio web OLD IN CHESS. 
(Marzo 2002). Alfredo Zaiko (Director-Webmaster). Sitio web oriundo de 
Argentina. Estuvo disponible hasta el ao 2010 en la direccin: http://www. 
geocities.org/oldinchess/descarga/cbv/1976_ESP03.zip ]} 0-1

[Event "4th Lanzarote it"]
[Site "Lanzarote ESP"]
[Date "1976.04.??"]
[Round "11"]
[White "Darga, Klaus"]
[Black "Sanz Alonso, Francisco Javier"]
[Result "1/2-1/2"]
[WhiteElo "2500"]
[BlackElo "2345"]
[EventDate "1976.04.26"]
[PlyCount "72"]

1.c4 Nf6 2.Nc3 c5 3.Nf3 d5 4.cxd5 Nxd5 5.g3 Nc6 6.Bg2 Nc7 7.d3 e5 8.Nd2 
Bd7 9.O-O h5 10.Nc4 h4 11.f4 hxg3 12.hxg3 Bh3 13.Bxh3 Rxh3 14.Kg2 Qd7 15.
fxe5 O-O-O 16.Rh1 Rxh1 17.Qxh1 Nd5 18.Ne4 Kb8 19.Bg5 Be7 20.Bxe7 Qxe7 21.
Qh5 Nd4 22.a4 f5 23.Ned6 Rf8 24.Rf1 f4 25.Ne4 Nf5 26.Rxf4 Nxf4+ 27.gxf4 g6
28.Qg5 Qh7 29.Nf6 Qf7 30.Kf2 Rd8 31.Ne4 Rd4 32.Qf6 Qh7 33.Qf8+ Kc7 34.
Qxc5+ Kb8 35.Qf8+ Kc7 36.Qc5+ Kb8 {[Fuente: Zaiko, Oscar Alfredo. Base de 
partidas del "04.Arrecife de Lanzarote" 1976. Sitio web OLD IN CHESS. 
(Marzo 2002). Alfredo Zaiko (Director-Webmaster). Sitio web oriundo de 
Argentina. Estuvo disponible hasta el ao 2010 en la direccin: 
http://www.geocities.org/ oldinchess/descarga/cbv/1976_ESP03.zip ]} 
1/2-1/2

[Event "4th Lanzarote it"]
[Site "Lanzarote ESP"]
[Date "1976.04.??"]
[Round "11"]
[White "Haik, Aldo"]
[Black "Weinstein, Norman Stephen"]
[Result "1-0"]
[WhiteElo "2325"]
[BlackElo "2430"]
[EventDate "1976.04.26"]
[PlyCount "81"]

1.d4 Nf6 2.c4 g6 3.Nc3 Bg7 4.Nf3 O-O 5.Bg5 d6 6.e3 c6 7.Be2 Qa5 8.O-O Bg4 
9.Bh4 Nbd7 10.a3 Rfe8 11.h3 Bxf3 12.Bxf3 e5 13.b4 Qc7 14.Bg3 h5 15.Rc1 Qd8
16.Qb3 Qe7 17.Rfd1 Kh8 18.a4 Ng8 19.c5 d5 20.Nxd5 cxd5 21.Bxd5 Ndf6 22.
Bxf7 Rf8 23.Bxg8 Nxg8 24.d5 Qg5 25.d6 Nf6 26.Qc4 Qf5 27.Bh2 Nd7 28.Rd2 
Rac8 29.Qd5 a5 30.e4 Qf7 31.b5 Bh6 32.f4 Bxf4 33.Qxf7 Rxf7 34.Bxf4 Rxf4 
35.c6 Rf7 36.Rcc2 bxc6 37.bxc6 Nb6 38.Rd3 Rd8 39.Rb2 Nc8 40.Rb8 Rff8 41.d7
{[Fuente: Zaiko, Oscar Alfredo. Base de partidas del "04.Arrecife de 
Lanzarote" 1976. Sitio web OLD IN CHESS. (Marzo 2002). Alfredo Zaiko 
(Director-Webmaster). Sitio web oriundo de Argentina. Estuvo disponible 
hasta el ao 2010 en la direccin: 
http://www.geocities.org/oldinchess/descarga/cbv/ 1976_ESP03.zip ]} 1-0

[Event "4th Lanzarote it"]
[Site "Lanzarote ESP"]
[Date "1976.04.??"]
[Round "11"]
[White "Larsen, Bent"]
[Black "Garcia Padron, Jose"]
[Result "0-1"]
[WhiteElo "2625"]
[BlackElo "2280"]
[EventDate "1976.04.26"]
[PlyCount "60"]

1.b4 c6 2.e3 d5 3.Bb2 Qb6 4.a3 a5 5.b5 Nf6 6.a4 Bg4 7.Nf3 Nbd7 8.h3 Bxf3 
9.Qxf3 Rc8 10.Na3 e6 11.Bd3 Be7 12.O-O Nc5 13.Bd4 Qc7 14.Rfc1 O-O 15.Bf1 
Nfe4 16.Qd1 Bd6 17.g3 e5 18.Bxc5 Nxc5 19.Nb1 f5 20.d4 exd4 21.exd4 Ne4 22.
c4 f4 23.g4 f3 24.Ra2 Qf7 25.Nd2 Ng5 26.Bd3 Qf4 27.Nf1 Nxh3+ 28.Kh1 Qxg4 
29.Ng3 Nxf2+ 30.Rxf2 Bxg3 {[Fuente: Zaiko, Oscar Alfredo. Base de partidas
del "04.Arrecife de Lanzarote" 1976. Sitio web OLD IN CHESS. (Marzo 2002).
Alfredo Zaiko (Director-Webmaster). Sitio web oriundo de Argentina. Estuvo
disponible hasta el ao 2010 en la direccin: http://www. 
geocities.org/oldinchess/descarga/cbv/1976_ESP03.zip ]} 0-1

[Event "4th Lanzarote it"]
[Site "Lanzarote ESP"]
[Date "1976.04.??"]
[Round "11"]
[White "Rodriguez Vargas, Orestes"]
[Black "Bellon Lopez, Juan Manuel"]
[Result "1/2-1/2"]
[WhiteElo "2435"]
[BlackElo "2475"]
[EventDate "1976.04.26"]
[PlyCount "50"]

1.e4 c5 2.Nf3 g6 3.d4 cxd4 4.Nxd4 Bg7 5.Nc3 Nc6 6.Be3 Nf6 7.Bc4 Qa5 8.O-O 
O-O 9.Nd5 Qd8 10.Nxf6+ Bxf6 11.f4 Bg7 12.c3 d6 13.Qe2 Qc7 14.Rad1 Bd7 15.
Nf3 a6 16.Bd3 b5 17.h3 Be6 18.a3 Bb3 19.Rde1 Na5 20.Nd2 Bc4 21.b4 Bxd3 22.
Qxd3 Nc4 23.Nxc4 Qxc4 24.Qxc4 bxc4 25.Rc1 Rfb8 {[Fuente: Zaiko, Oscar 
Alfredo. Base de partidas del "04.Arrecife de Lanzarote" 1976. Sitio web 
OLD IN CHESS. (Marzo 2002). Alfredo Zaiko (Director-Webmaster). Sitio web 
oriundo de Argentina. Estuvo disponible hasta el ao 2010 en la direccin: 
http://www.geocities.org/oldinchess/descarga/cbv/1976_ESP03.zip ]} 1/2-1/2